Accountancy <the> journal of the Institute of Chartered Accountants in England and Wales
Gespeichert in:
| Format: | Schriftenreihe |
|---|---|
| Sprache: | Englisch |
| Veröffentlicht: |
London
Institute of Charted Accountants in England and Wales
|
| Tags: |
Keine Tags, Fügen Sie das erste Tag hinzu!
|
MARC
| LEADER | 00000nas1a22000001 4500 | ||
|---|---|---|---|
| 001 | s120301 | ||
| 005 | 20070531100058.5 | ||
| 022 | |a 0001-4664 | ||
| 041 | 0 | |a eng | |
| 044 | |a GB | ||
| 245 | 1 | 0 | |a Accountancy |b <the> journal of the Institute of Chartered Accountants in England and Wales |
| 264 | 1 | |a London |b Institute of Charted Accountants in England and Wales | |